000 01342nam a2200397 a 4500
001 80676
003 FlNmELB
005 20241217151756.0
006 m o d |
007 cr cn|||||||||
008 201205r2011 ck |||||s|||||||||||spa d
020 _z9789587411812
035 _a(MiAaPQ)EBC3197899
035 _a(Au-PeEL)EBL3197899
035 _a(CaPaEBR)ebr10552410
035 _a(OCoLC)929342984
040 _aFlNmELB
_bspa
_cFlNmELB
050 4 _aQA39.2
_bG984 2011
080 _a51
082 0 4 _a512.13
_222
100 1 _aGutiérrez García, Ismael.
245 1 0 _aMatemáticas básicas con trigonometría
_h[recurso electronico] /
_cIsmael Gutiérrez García, Jorge Robinson Evilla.
250 _a2a. ed.
260 _aBarranquilla :
_bEditorial Universidad del Norte,
_c2011.
300 _axi, 212 p.
490 0 _aPasta blanda
533 _aRecurso electrónico. Santa Fe, Arg.: e-libro, 2015. Disponible vía World Wide Web. El acceso puede estar limitado para las bibliotecas afiliadas a e-libro.
650 4 _aMatemáticas.
650 4 _aTrigonometría.
650 4 _aMathematics.
650 4 _aTrigonometrical functions.
655 4 _aLibros electrónicos.
700 1 _aRobinson Evilla, Jorge.
710 2 _ae-libro, Corp.
856 4 0 _uhttps://elibro.net/ereader/politecnicointernacional/69851
999 _c80676
_d80676